| 000 | 00694nam a2200169Ia 4500 | ||
|---|---|---|---|
| 008 | 090711s9999 xx 000 0 und d | ||
| 082 | _b60369 | ||
| 100 | _aभट विठ्ठलराय | ||
| 245 | _aअतिरेक्यांSाा कर्दनकाळ : जे. एफ. रिबेरो | ||
| 260 | _c1987 | ||
| 300 | _a32 | ||
| 600 | _aभट विठ्ठलराय | ||
| 630 | _aअतिरेक्यांSाा कर्दनकाळ : जे. एफ. रिबेरो | ||
| 700 | _aभट विठ्ठलराय | ||
| 730 | _aअतिरेक्यांSाा कर्दनकाळ : जे. एफ. रिबेरो | ||
| 942 | _cBOOK | ||
| 999 |
_c320242 _d320242 |
||